Mis días en el estadio

Saved in:
Bibliografiske detaljer
Hovedforfatter: Moreno Laval, Enrique (autor)
Format: Bog
Sprog:spansk
Udgivet: Santiago Fundación Coudrin 2013
Udgivelse:1a. ed
Fag:
Tags: Tilføj Tag
Ingen Tags, Vær først til at tagge denne postø!

MARC

LEADER 00000cam a2200000 a 4500
001 UCE0580
003 CL-VaPUC
008 140124e20130800cl |||||||||||||||||spa|d
020 |a 9789568048198 
082 0 4 |a 365.45  |b MOR  |2 21 
100 |a Moreno Laval, Enrique  |e autor  |9 600802 
245 1 0 |a Mis días en el estadio 
250 |a 1a. ed 
300 |a 72 p 
942 |c BK 
945 |d 20140124 15:34:00  |a dcastane 
260 |a Santiago  |b Fundación Coudrin  |c 2013 
650 7 |a PRESOS POLITICOS  |2 CL-VaPUC  |9 572951 
650 0 |a Relatos personales  |9 255122 
650 7 |a GOLPE MILITAR 1973  |2 CL-VaPUC  |9 404217 
583 |a last modification  |c 20140124 15:34:00  |k Rodrigo Vera 
999 |c 354657  |d 354655 
952 |0 0  |1 0  |3 erd  |4 0  |6 365_450000000000000_MOR_2013  |7 0  |8 A  |9 460646  |a BIBCUR  |b BIBCUR  |i 5054680  |o 365.45 MOR 2013  |p 5054680  |r 2025-04-22  |w 2019-11-23  |y BK  |z Catalogado en:20140124  |k PER 
952 |0 0  |1 0  |3 erd  |4 0  |6 365_450000000000000_MOR_2013  |7 0  |8 A  |9 460647  |a BIBCUR  |b BIBCUR  |i 5054699  |l 2  |o 365.45 MOR 2013  |p 5054699  |r 2025-04-22  |s 2023-09-06  |w 2019-11-23  |y BK  |z Catalogado en:20140124  |k PER